Test para evaluar procesos de simplificación fonológica: TEPROSIF-R
Gespeichert in:
| Hauptverfasser: | , |
|---|---|
| Weitere Verfasser: | |
| Format: | Buch |
| Sprache: | Spanisch |
| Veröffentlicht: |
Santiago
Ediciones Universidad Católica de Chile
2008
|
| Ausgabe: | 2a. ed |
| Schriftenreihe: | Aprendizaje
|
| Schlagworte: | |
| Tags: |
Tag hinzufügen
Keine Tags, Fügen Sie den ersten Tag hinzu!
|
MARC
| LEADER | 00000nam a2200000 a 4500 | ||
|---|---|---|---|
| 001 | UCH5801 | ||
| 003 | CL-VaPUC | ||
| 008 | 091029e20080000CL |||||||||||||||||spa|d | ||
| 020 | |a 9789561409965 | ||
| 082 | 0 | 4 | |a 414.8 |b PAV |2 21 |
| 100 | |a Pavez G., María Mercedes |e autora |9 611621 | ||
| 700 | |a Maggiolo L., Mariangela |e autora |9 559330 | ||
| 700 | 0 | |a Coloma Tirapegui, Carmen Julia |e author |9 542137 | |
| 245 | 1 | 0 | |a Test para evaluar procesos de simplificación fonológica: TEPROSIF-R |
| 250 | |a 2a. ed | ||
| 300 | |a 83 p | ||
| 942 | |c BK | ||
| 945 | |d 20091029 00:00:00 |a rbrito | ||
| 260 | |a Santiago |b Ediciones Universidad Católica de Chile |c 2008 | ||
| 500 | |a v.1: Manual | ||
| 500 | |a V.2: Set de láminas | ||
| 650 | 0 | |a Fonética |9 308371 | |
| 650 | 0 | |a Lenguaje infantil |9 314705 | |
| 650 | 7 | |a TRASTORNO DEL HABLA EN NIÑOS |2 CL-VaPUC |9 329636 | |
| 583 | |a last modification |c 20091029 00:00:00 |k Rodrigo Vera | ||
| 490 | 0 | |a Aprendizaje | |
| 999 | |c 336848 |d 336846 | ||
| 952 | |0 0 |1 0 |4 0 |6 414_800000000000000_PAV_2008 |7 0 |8 R |9 428844 |a BIBEDU |b BIBEDU |c MCIRC |d 2019-11-22 |h v.1 |i 4613163 |l 2 |o 414.8 PAV 2008 |p 4613163 |r 2024-04-18 |s 2024-04-15 |w 2019-11-22 |y BK_R |k EPE | ||
| 952 | |0 0 |1 0 |4 0 |6 414_800000000000000_PAV_2008 |7 0 |8 R |9 428845 |a BIBEDU |b BIBEDU |c MCIRC |d 2019-11-22 |h v.2 |i 4613392 |l 2 |o 414.8 PAV 2008 |p 4613392 |r 2024-04-18 |s 2024-04-15 |w 2019-11-22 |y BK_R |k EPE | ||